Κριτική παρουσίαση του διεθνούς λογιστικού προτύπου 3 "Επιχειρηματικές συνενώσεις και σύγκριση του με το Δ.Π.Λ.22 : διπλωματική εργασία
Αποθηκεύτηκε σε:
| Κύριος συγγραφέας: | |
|---|---|
| Συγγραφή απο Οργανισμό/Αρχή: | |
| Άλλοι συγγραφείς: | |
| Μορφή: | Thesis Βιβλίο |
| Γλώσσα: | Greek |
| Δημοσίευση: |
2005
|
| Θέματα: | |
| Διαθέσιμο Online: | http://hdl.handle.net/11610/13557 |
| Ετικέτες: |
Προσθήκη ετικέτας
Δεν υπάρχουν, Καταχωρήστε ετικέτα πρώτοι!
|
MARC
| LEADER | 00000cam a2200000 i 4500 | ||
|---|---|---|---|
| 001 | 1/26877 | ||
| 008 | 060323s2005 gre d | ||
| 035 | |l 10083268 | ||
| 040 | |a GR-MY-UA |b gre |e aacr | ||
| 041 | 0 | |a gre | |
| 082 | 0 | |a 657.0218 |2 (22) | |
| 100 | 1 | |a Κυδωνάκη, Γεωργία. | |
| 245 | 1 | 0 | |a Κριτική παρουσίαση του διεθνούς λογιστικού προτύπου 3 "Επιχειρηματικές συνενώσεις και σύγκριση του με το Δ.Π.Λ.22 : |b διπλωματική εργασία / |c Κυδωνάκη Γεωργία ; επιβλέπων Ρογδάκη Ε. |
| 260 | |c 2005 | ||
| 300 | |a 148 σ.; |c 30 εκ. | ||
| 502 | # | # | |a Διατριβή (μεταπτυχιακή) – Πανεπιστήμιο Αιγαίου, Χίος, 2005. |
| 504 | |a Περιλαμβάνει βιβλιογραφία | ||
| 610 | 2 | 0 | |a Πανεπιστήμιο Αιγαίου. |
| 650 | 0 | 0 | |a Accounting |x Standards. |
| 650 | 0 | 0 | |a Accounting |x Problems, exercises, etc. |
| 650 | 0 | 0 | |a Dissertations, Academic |z Greece. |
| 700 | 1 | |a Ρογδάκη, Ελένη. |4 ths | |
| 710 | 1 | |a Πανεπιστήμιο Αιγαίου |b Σχολή Επιστημών της Διοίκησης |b Τμήμα Διοίκησης Επιχειρήσεων |b Πρόγραμμα Μεταπτυχιακών Σπουδών στη Διοίκηση Επιχειρήσεων - M.B.A. | |
| 852 | |a INST |b CHIOS |c DIATR |e 20060323 |h 657.0218 ΚΥΔ |p 005200024676 |q 005200024676 |t MTXE |y 23 | ||
| 852 | |a INST |b CHIOS |c DIATR |e 20060323 |h 657.0218 ΚΥΔ |p 005200024677 |q 005200024677 |t MTXE |y 23 | ||
| 856 | |u http://hdl.handle.net/11610/13557 | ||
| 901 | |a BIBL2-2006-1 | ||
| 909 | |a Χ |b 108767 | ||
| 909 | |a Χ |b 102781 | ||
| 924 | |a ΚΥΔΩΝΑΚΗ |b ΓΕΩΡΓΙΑ |y ΧΙΟΣ |z 2005-10 | ||
| 970 | |a ΒΑΣΙΛΑΚΗ |b ΝΙΚΗ |z 2006/03/23 | ||